Dictionnaire selectif des arbres, des plantes et des fleurs : francais-anglais, anglais-francais = A selective dictionary of trees, plants and flowers : French-English, English-French /

Bibliographic Details
Main Author: Michaux, Jean-Pierre
Format: Book
Language:French
English
Published: [Paris?] : Ophrys, [1979]
Subjects:

MARC

Tag First Indicator Second Indicator Subfields
LEADER 00000cam a2200000 a 4500
001 in00000070686
005 20151008061848.0
008 791129s1979 fr d 00010 frem
010 |a  79388034  
015 |a F*** 
020 |a 2708004638 :  |c 24.00F 
035 |a (OCoLC)05832195 
035 |9 AAJ8999AM 
040 |a DLC  |c DLC  |d TXA  |d UtOrBLW 
041 0 |a fre  |a eng 
049 |a TXAM  |c [387049] 
050 0 0 |a QK13  |b .M59 
082 0 |a 582/.003 
100 1 |a Michaux, Jean-Pierre. 
245 1 0 |a Dictionnaire selectif des arbres, des plantes et des fleurs :  |b francais-anglais, anglais-francais = A selective dictionary of trees, plants and flowers : French-English, English-French /  |c Jean-Pierre Michaux. 
246 3 1 |a Selective dictionary of trees, plants and flowers  
264 1 |a [Paris?] :  |b Ophrys,  |c [1979] 
264 4 |c ©1979 
300 |a 149 pages ;  |c 24 cm. 
336 |a text  |b txt  |2 rdacontent 
337 |a unmediated  |b n  |2 rdamedia 
338 |a volume  |b nc  |2 rdacarrier 
500 |a French and English. 
650 0 |a Plant names, Popular  |v Dictionaries  |x French. 
650 0 |a Plant names, Popular  |v Dictionaries. 
650 0 |a French language  |v Dictionaries  |x English. 
650 0 |a English language  |v Dictionaries  |x French. 
740 0 |a Selective dictionary of trees, plants and flowers. 
999 |a MARS 
999 f f |s 4dca74ef-11ae-3410-8703-a59632d314c7  |i 55269827-b2cc-397f-a2ec-cb673001bf47  |t 0 
952 f f |p ric  |a Texas A&M University  |b Rellis Campus  |c Joint Library Facility  |d Remote Storage  |t 0  |e QK13 .M59  |h Library of Congress classification  |i unmediated -- volume  |m A14806218438 
998 f f |a QK13 .M59  |t 0  |l Remote Storage